[Event "Titled Tue 3rd Jun Early"]
[Site "chess.com INT"]
[Date "2025.06.03"]
[Round "3"]
[White "Noy, Eyal"]
[Black "Antoniou, Rafail"]
[Result "0-1"]
[WhiteTitle "FM"]
[BlackTitle "CM"]
[WhiteElo "2346"]
[BlackElo "2134"]
[WhiteFideId "2821117"]
[BlackFideId "5904390"]
[EventDate "2025.06.03"]

1. e4 c5 2. Nf3 e6 3. c3 Nf6 4. Qe2 d6 5. g3 Be7 6. Bg2 O-O 7. O-O Nc6 8. d4
cxd4 9. cxd4 Bd7 10. Nc3 a6 11. e5 Nd5 12. Nxd5 exd5 13. Bf4 Bg4 14. h3 Nxd4 15.
Qd3 Nxf3+ 16. Bxf3 Bxh3 17. Rfd1 dxe5 18. Bxe5 Be6 19. Bxd5 Bxd5 20. Qxd5 Qxd5
21. Rxd5 Rfd8 22. Rad1 Rxd5 23. Rxd5 Rd8 24. Rxd8+ Bxd8 25. Kg2 Bf6 26. Bxf6
gxf6 27. Kf3 Kg7 28. Ke4 Kg6 29. f4 f5+ 30. Ke5 b6 31. b4 b5 32. a3 h6 33. Kd4
Kh5 34. Ke3 Kg4 35. Kf2 h5 36. Kg2 h4 37. gxh4 Kxh4 38. Kf3 Kh3 39. Kf2 Kg4 40.
Ke3 Kg3 0-1

[Event "Titled Tue 3rd Jun Early"]
[Site "chess.com INT"]
[Date "2025.06.03"]
[Round "3"]
[White "Tilahun, Abel Mathewos"]
[Black "Nguyen Thien Ngan"]
[Result "0-1"]
[WhiteTitle "CM"]
[BlackTitle "WIM"]
[WhiteElo "1944"]
[BlackElo "1998"]
[WhiteFideId "15702391"]
[BlackFideId "12414816"]
[EventDate "2025.06.03"]

1. d4 d5 2. c4 e6 3. Nf3 Nf6 4. Nc3 c5 5. e3 Be7 6. a3 cxd4 7. exd4 Nc6 8. Bd3
dxc4 9. Bxc4 b6 10. O-O O-O 11. Be3 Bb7 12. Rc1 Rc8 13. Bd3 Na5 14. Qe2 Nb3 15.
Rcd1 Nd5 16. Nxd5 Bxd5 17. Ba6 Rc7 18. Bf4 Bd6 19. Ne5 f6 20. Nd3 Nxd4 21. Qg4
f5 0-1

[Event "Titled Tue 3rd Jun Early"]
[Site "chess.com INT"]
[Date "2025.06.03"]
[Round "3"]
[White "Janukshan, B"]
[Black "Bashirli, Saadat"]
[Result "1-0"]
[WhiteTitle "CM"]
[BlackTitle "WCM"]
[WhiteElo "1967"]
[BlackElo "1941"]
[WhiteFideId "29945399"]
[BlackFideId "13429990"]
[EventDate "2025.06.03"]

1. Nf3 d5 2. d4 Nf6 3. e3 Bg4 4. c4 c6 5. Nc3 e6 6. Bd2 Nbd7 7. h3 Bh5 8. g4 Bg6
9. Nh4 Bd6 10. Nxg6 hxg6 11. Qf3 Qe7 12. Bd3 dxc4 13. Bxc4 e5 14. O-O-O e4 15.
Qg2 O-O-O 16. g5 Nh7 17. Nxe4 Bb4 18. h4 Rhe8 19. Bxb4 Qxb4 20. Bxf7 Re7 21.
Bxg6 Nhf8 22. Bf5 Kb8 23. Qg3+ Ka8 24. Qd6 Qc4+ 25. Nc3 Ree8 26. Bd3 Qf7 27. Qg3
Nb6 28. g6 Qe6 29. h5 Nd5 30. Nxd5 Qxd5 31. Kb1 Re6 32. h6 gxh6 33. g7 Ng6 34.
Bxg6 1-0

[Event "Titled Tue 3rd Jun Early"]
[Site "chess.com INT"]
[Date "2025.06.03"]
[Round "3"]
[White "Harshal, Shahi"]
[Black "Harshavardhan, G B"]
[Result "0-1"]
[WhiteTitle "FM"]
[BlackTitle "IM"]
[WhiteElo "2143"]
[BlackElo "2441"]
[WhiteFideId "5048257"]
[BlackFideId "25059009"]
[EventDate "2025.06.03"]

1. e4 e5 2. Nf3 Nc6 3. Bc4 d6 4. c3 f5 5. d3 f4 6. d4 Qf6 7. Na3 a6 8. Bd5 Nge7
9. Nc4 Bg4 10. Qb3 O-O-O 11. dxe5 dxe5 12. Bd2 b5 13. Na3 Na5 14. Qc2 Nxd5 15.
exd5 Bxa3 16. bxa3 Nc4 17. Qe4 Bf5 18. Qe2 Rxd5 19. Bc1 Bd3 20. Qd1 Rhd8 21. Qb3
e4 22. Nd4 Rxd4 23. cxd4 Qxd4 24. Rb1 Bxb1 25. O-O Bd3 26. Rd1 e3 27. fxe3 fxe3
28. Re1 e2+ 29. Kh1 Qf2 30. Qc3 Qf1+ 31. Rxf1 exf1=Q# 0-1

[Event "Titled Tue 3rd Jun Early"]
[Site "chess.com INT"]
[Date "2025.06.03"]
[Round "3"]
[White "Kravtsiv, Martyn"]
[Black "Sapocinic, Semion"]
[Result "1-0"]
[WhiteTitle "GM"]
[BlackTitle "FM"]
[WhiteElo "2598"]
[BlackElo "2309"]
[WhiteFideId "14113147"]
[BlackFideId "13908693"]
[EventDate "2025.06.03"]

1. e4 e5 2. Nf3 Nc6 3. d4 exd4 4. Nxd4 Nf6 5. Nxc6 bxc6 6. e5 Qe7 7. Qe2 Nd5 8.
g3 g6 9. c4 Ba6 10. b3 Bg7 11. Bb2 O-O 12. Bg2 d6 13. O-O dxe5 14. Qd2 Rfd8 15.
Qa5 Nb4 16. Ba3 Rab8 17. Nc3 Rb6 18. Na4 Bf8 19. Nxb6 axb6 20. Bxb4 Qxb4 21.
Qxa6 Bc5 22. Rad1 Rd2 23. Rxd2 Qxd2 24. Qa8+ Kg7 25. Qxc6 Qxa2 26. Qxc7 Bd4 27.
Bd5 1-0

[Event "Titled Tue 3rd Jun Early"]
[Site "chess.com INT"]
[Date "2025.06.03"]
[Round "3"]
[White "Reprintsev, Alexander"]
[Black "Shapiro, Daniel"]
[Result "1-0"]
[WhiteTitle "IM"]
[BlackTitle "FM"]
[WhiteElo "2256"]
[BlackElo "2284"]
[WhiteFideId "14100541"]
[BlackFideId "2001780"]
[EventDate "2025.06.03"]

1. e4 c5 2. Nc3 Nc6 3. f4 e6 4. Nf3 a6 5. a3 Nge7 6. e5 d5 7. exd6 Nf5 8. b4
Bxd6 9. bxc5 Bxc5 10. Bd3 Nh4 11. Ne4 Ba7 12. Nxh4 Qxh4+ 13. g3 Qd8 14. Bb2 f5
15. Bxg7 fxe4 16. Bxh8 exd3 17. Qh5+ Kd7 18. Qxh7+ Qe7 19. Qxd3+ Kc7 20. Be5+
Kb6 21. Rb1+ Ka5 22. Bc3+ Ka4 23. Qc4+ Kxa3 24. Qb3# 1-0

[Event "Titled Tue 3rd Jun Early"]
[Site "chess.com INT"]
[Date "2025.06.03"]
[Round "3"]
[White "Cuellar Montes, Alejandro"]
[Black "Tica, Sven"]
[Result "0-1"]
[WhiteTitle "CM"]
[BlackTitle "IM"]
[WhiteElo "2173"]
[BlackElo "2429"]
[WhiteFideId "32096836"]
[BlackFideId "14526948"]
[EventDate "2025.06.03"]

1. d4 g6 2. c4 Bg7 3. e4 c5 4. d5 e5 5. Nc3 d6 6. h4 h6 7. h5 f5 8. hxg6 f4 9.
Nf3 Ne7 10. Nh4 Nd7 11. Bd3 Nf6 12. g3 fxg3 13. fxg3 Bg4 14. Be2 Qd7 15. Bxg4
Nxg4 16. Nf5 Nxf5 17. Qxg4 Nd4 18. Qxd7+ Kxd7 19. O-O Raf8 20. Kg2 Rxf1 21. Kxf1
Rf8+ 22. Kg2 Rf6 23. Bd2 Rxg6 24. Rf1 Ke7 25. Be3 a6 26. Rf2 h5 27. Kh3 Bf6 28.
a3 b5 29. cxb5 axb5 30. Bxd4 exd4 31. Nxb5 Be5 32. Rf3 c4 33. a4 d3 34. Nc3 Rg8
35. Kh4 Bxc3 36. bxc3 Rf8 37. Re3 d2 0-1

[Event "Titled Tue 3rd Jun Early"]
[Site "chess.com INT"]
[Date "2025.06.03"]
[Round "3"]
[White "Luong Phuong Hanh"]
[Black "Lortkipanidze, Nodar"]
[Result "0-1"]
[WhiteTitle "WIM"]
[BlackTitle "IM"]
[WhiteElo "2144"]
[BlackElo "2359"]
[WhiteFideId "12401013"]
[BlackFideId "13604058"]
[EventDate "2025.06.03"]

1. d4 e6 2. Nf3 f5 3. Bf4 Nf6 4. e3 b6 5. h3 Bb7 6. Bc4 Be7 7. Nbd2 O-O 8. O-O
Ne4 9. Bh2 Bd6 10. Ne5 Nxd2 11. Qxd2 Qg5 12. f4 Qe7 13. Kh1 Bxe5 14. dxe5 Nc6
15. Rad1 Rad8 16. a3 a6 17. Bg3 b5 18. Bb3 Kh8 19. Qf2 g5 20. fxg5 Qxg5 21. Bh4
Qg7 22. Bxd8 Rxd8 23. Qh4 Rg8 24. Rf2 Nxe5 25. Rg1 Nf3 26. Rxf3 Bxf3 27. Qf2 Be4
28. c3 Qg3 29. Qxg3 Rxg3 30. Kh2 Rxe3 31. Rd1 d5 32. Rd2 Re1 33. Bd1 Kg7 34. Be2
Kf6 35. a4 c6 36. axb5 axb5 37. Bh5 c5 38. Be8 b4 39. cxb4 cxb4 40. Bb5 Rc1 41.
Ba4 Ke5 42. Bb3 f4 43. Rf2 h5 44. h4 Kf5 45. Rd2 Kg4 46. Rf2 f3 47. gxf3+ Bxf3
48. Ba4 Rh1# 0-1

[Event "Titled Tue 3rd Jun Early"]
[Site "chess.com INT"]
[Date "2025.06.03"]
[Round "3"]
[White "King, Alexander"]
[Black "Diachek, Andrii"]
[Result "0-1"]
[WhiteTitle "FM"]
[BlackTitle "CM"]
[WhiteElo "2263"]
[BlackElo "2226"]
[WhiteFideId "2063620"]
[BlackFideId "34106499"]
[EventDate "2025.06.03"]

1. g3 d5 2. Bg2 Nf6 3. c4 c6 4. Nf3 Bg4 5. Ne5 Bf5 6. cxd5 cxd5 7. Qb3 Nc6 8.
Nxc6 bxc6 9. O-O e6 10. Nc3 Be7 11. d3 O-O 12. e4 Bg6 13. Bf4 Qb6 14. Qc2 Nd7
15. Rac1 Nc5 16. Be3 Qa6 17. Rfd1 Rfd8 18. b4 d4 19. Bf4 dxc3 20. bxc5 Bxc5 21.
Qxc3 Bd4 22. Qxc6 Qxa2 23. Rc2 Qb3 24. Qc4 Qxc4 25. Rxc4 Rac8 26. Rdc1 Rxc4 27.
Rxc4 f6 28. Kf1 e5 29. Bd2 Be8 30. Ra4 Bxa4 0-1

[Event "Titled Tue 3rd Jun Early"]
[Site "chess.com INT"]
[Date "2025.06.03"]
[Round "3"]
[White "Hungaski, Robert"]
[Black "Genkeswaran, Genivan"]
[Result "1-0"]
[WhiteTitle "GM"]
[BlackTitle "CM"]
[WhiteElo "2477"]
[BlackElo "2197"]
[WhiteFideId "2021030"]
[BlackFideId "5754496"]
[EventDate "2025.06.03"]

1. h3 c6 2. e3 d5 3. c4 e5 4. d4 exd4 5. exd4 Bb4+ 6. Nc3 Nf6 7. Nf3 O-O 8. Be3
Ne4 9. Qb3 Qa5 10. Rc1 Be6 11. Bd3 f5 12. O-O Bxc3 13. bxc3 Nd7 14. cxd5 Bxd5
15. c4 Bf7 16. Qxb7 Nb6 17. Bxe4 fxe4 18. Ne5 h6 19. c5 Nd5 20. Nxf7 Rab8 21.
Qxc6 Nb4 22. Nxh6+ gxh6 23. Qg6+ Kh8 24. Qxh6+ Kg8 25. Qg6+ Kh8 26. d5 1-0

[Event "Titled Tue 3rd Jun Early"]
[Site "chess.com INT"]
[Date "2025.06.03"]
[Round "3"]
[White "Lamard, Guillaume"]
[Black "Popov, Tikhon"]
[Result "1-0"]
[WhiteTitle "GM"]
[BlackTitle "CM"]
[WhiteElo "2500"]
[BlackElo "2173"]
[WhiteFideId "600261"]
[BlackFideId "24252026"]
[EventDate "2025.06.03"]

1. e4 c6 2. d4 d5 3. exd5 cxd5 4. Bd3 Nc6 5. c3 Nf6 6. h3 e5 7. dxe5 Nxe5 8. Nf3
Nxd3+ 9. Qxd3 Bc5 10. Bg5 Be6 11. Nbd2 O-O 12. O-O h6 13. Bh4 g5 14. Bg3 Bb6 15.
Rae1 Nh5 16. Nd4 Ng7 17. Kh2 Qd7 18. f4 Bxd4 19. Qxd4 g4 20. hxg4 Bxg4 21. f5
Bxf5 22. Qf6 Kh7 23. Be5 Rg8 24. Bf4 Bg6 25. Re5 Qg4 26. Rf3 Nh5 27. Rxh5 Rg7
28. Rxh6+ Kg8 29. Rfh3 Bh7 30. Rg3 1-0

[Event "Titled Tue 3rd Jun Early"]
[Site "chess.com INT"]
[Date "2025.06.03"]
[Round "3"]
[White "Paravyan, David"]
[Black "Bernat, David"]
[Result "1-0"]
[WhiteTitle "GM"]
[WhiteElo "2596"]
[BlackElo "1917"]
[WhiteFideId "4194985"]
[BlackFideId "2099225"]
[EventDate "2025.06.03"]

1. d4 d5 2. Nf3 Nf6 3. Bf4 c5 4. e3 Qb6 5. Nc3 c4 6. Rb1 e6 7. Be2 Bb4 8. O-O
Bxc3 9. bxc3 Qa5 10. Nd2 Nc6 11. Bd6 Qd8 12. Ba3 Qa5 13. Qc1 Qxc3 14. Rb5 a6 15.
Nb1 Qa1 16. Rb2 c3 17. Rb3 Ne4 18. Bd3 Nd2 19. Rxc3 Qxb1 20. Qxd2 Qxa2 21. Rb3
b5 22. Qc3 Bd7 23. Ra1 b4 24. Bxb4 Nxb4 25. Rxb4 Rc8 26. Qxc8+ Bxc8 27. Rxa2 O-O
28. h3 1-0

[Event "Titled Tue 3rd Jun Early"]
[Site "chess.com INT"]
[Date "2025.06.03"]
[Round "3"]
[White "Yezhel, Valiantsin"]
[Black "Nikulina, Alena"]
[Result "1-0"]
[WhiteTitle "FM"]
[BlackTitle "WFM"]
[WhiteElo "2232"]
[BlackElo "1875"]
[WhiteFideId "13504983"]
[BlackFideId "4172051"]
[EventDate "2025.06.03"]

1. c4 e5 2. g3 d5 3. cxd5 Qxd5 4. Nf3 Nc6 5. Nc3 Qe6 6. Bg2 Bd7 7. O-O O-O-O 8.
d4 exd4 9. Nxd4 Nxd4 10. Qxd4 Bc6 11. Qxa7 Bxg2 12. Kxg2 Qc6+ 13. e4 Nf6 14. f3
Bc5 15. Qa8+ Kd7 16. Qa4 Qxa4 17. Nxa4 Bb4 18. a3 Be7 19. Bf4 Nh5 20. Be3 b6 21.
Rac1 Ra8 22. Rfd1+ Ke6 23. Rc6+ Bd6 24. Nxb6 Rab8 25. Nc4 Ke7 26. b4 Rhd8 27. e5
Bxe5 28. Rxd8 Rxd8 29. Nxe5 f6 30. Nc4 Rd3 31. Rxc7+ Ke6 32. g4 1-0

[Event "Titled Tue 3rd Jun Early"]
[Site "chess.com INT"]
[Date "2025.06.03"]
[Round "3"]
[White "Oleksiyenko, Mykhaylo"]
[Black "Kambrath, Yannick"]
[Result "1-0"]
[WhiteTitle "GM"]
[BlackTitle "IM"]
[WhiteElo "2569"]
[BlackElo "2389"]
[WhiteFideId "4152417"]
[BlackFideId "20632525"]
[EventDate "2025.06.03"]

1. e4 e5 2. Nf3 Nc6 3. Nc3 Nf6 4. d4 exd4 5. Nxd4 Bb4 6. Nxc6 bxc6 7. Bd3 d5 8.
Bd2 O-O 9. O-O Bg4 10. f3 Be6 11. Re1 Rb8 12. Kh1 Nd7 13. a3 Be7 14. f4 f6 15.
exd5 Bxd5 16. Nxd5 cxd5 17. Qh5 f5 18. Bxf5 Nf6 19. Qe2 Re8 20. Be6+ Kh8 21. Bf7
Rf8 22. Qxe7 Rxb2 23. Bb4 Qxe7 24. Rxe7 c5 25. Bxc5 Rxc2 26. Bb4 Rd8 27. h3 d4
28. Rd1 d3 29. Rxa7 h5 30. Bg6 d2 31. Bxc2 1-0

[Event "Titled Tue 3rd Jun Early"]
[Site "chess.com INT"]
[Date "2025.06.03"]
[Round "3"]
[White "Barseghyan, Armen Ar."]
[Black "Darmanin, Jake"]
[Result "1-0"]
[WhiteTitle "IM"]
[BlackTitle "CM"]
[WhiteElo "2348"]
[BlackElo "2065"]
[WhiteFideId "13306707"]
[BlackFideId "5601061"]
[EventDate "2025.06.03"]

1. Nf3 d5 2. d4 Nf6 3. c4 e6 4. Nc3 c5 5. cxd5 Nxd5 6. e4 Nxc3 7. bxc3 cxd4 8.
cxd4 Bb4+ 9. Bd2 Bxd2+ 10. Qxd2 O-O 11. Bc4 Nd7 12. O-O b6 13. Rfe1 Bb7 14. Rad1
Rc8 15. Bb3 Re8 16. d5 exd5 17. exd5 h6 18. d6 Bxf3 19. gxf3 Rxe1+ 20. Rxe1 Nc5
21. Re7 Nxb3 22. axb3 Rc5 23. Qf4 Qf8 24. Qe4 Rg5+ 25. Kf1 f5 26. Qe6+ Kh7 27.
Re8 1-0

[Event "Titled Tue 3rd Jun Early"]
[Site "chess.com INT"]
[Date "2025.06.03"]
[Round "3"]
[White "Gonzalez Vega, Alejandro"]
[Black "Yanev, Tihomir"]
[Result "0-1"]
[WhiteTitle "FM"]
[BlackTitle "IM"]
[WhiteElo "2092"]
[BlackElo "2354"]
[WhiteFideId "3510042"]
[BlackFideId "2910110"]
[EventDate "2025.06.03"]

1. d4 Nf6 2. c4 g6 3. Nc3 d5 4. Nf3 Bg7 5. Bf4 c6 6. e3 O-O 7. h3 dxc4 8. Bxc4
Nbd7 9. O-O Nb6 10. Bb3 a5 11. a4 Nfd5 12. Be5 f6 13. Bh2 Kh8 14. e4 Nb4 15. Qe2
Qe8 16. Bc7 Nd7 17. Be6 b6 18. Rac1 Ba6 19. Bc4 Bxc4 20. Qxc4 Qc8 21. Bg3 Qb7
22. Rfd1 e5 23. dxe5 Nxe5 24. Nxe5 fxe5 25. Rd6 Rad8 26. Rcd1 Rxd6 27. Rxd6 Qe7
28. Qe6 Qg5 29. Rd7 h5 30. Rxg7 Kxg7 31. Bxe5+ Kh6 32. f4 Rxf4 33. Bxf4 Qxf4 34.
e5 Nd3 35. Qxc6 Qe3+ 36. Kh2 Qxe5+ 0-1

[Event "Titled Tue 3rd Jun Early"]
[Site "chess.com INT"]
[Date "2025.06.03"]
[Round "3"]
[White "Bryakin, Mikhail"]
[Black "Vidal Melendez, Ismael David"]
[Result "1-0"]
[WhiteTitle "GM"]
[BlackTitle "FM"]
[WhiteElo "2444"]
[BlackElo "2294"]
[WhiteFideId "4165314"]
[BlackFideId "3901718"]
[EventDate "2025.06.03"]

1. b3 d5 2. Bb2 Nf6 3. Nf3 e6 4. e3 Be7 5. c4 O-O 6. Qc2 a5 7. Nc3 b6 8. g4 Bb7
9. g5 Ne4 10. Rg1 Re8 11. Bd3 Nd7 12. Nxe4 dxe4 13. Bxe4 Bxe4 14. Qxe4 Nc5 15.
Qc2 Qd3 16. Rc1 a4 17. Be5 axb3 18. axb3 Qxc2 19. Rxc2 Nxb3 20. Bxc7 Rec8 21.
Bxb6 Ra1+ 22. Ke2 Rxg1 23. Nxg1 Na1 24. Ra2 Nb3 25. Ra3 Nc1+ 26. Kd1 Rxc4 27.
Ra8+ Bf8 28. Bd8 Nd3 29. Be7 h6 30. Bxf8 1-0

[Event "Titled Tue 3rd Jun Early"]
[Site "chess.com INT"]
[Date "2025.06.03"]
[Round "3"]
[White "Akkara, Omer"]
[Black "Jasinski, Alexander"]
[Result "0-1"]
[WhiteTitle "CM"]
[WhiteElo "2036"]
[BlackElo "1964"]
[WhiteFideId "26319802"]
[BlackFideId "55627994"]
[EventDate "2025.06.03"]

1. e4 c5 2. Nf3 d6 3. c3 Nf6 4. Be2 Nc6 5. d4 cxd4 6. cxd4 Bg4 7. Nc3 g6 8. O-O
Bg7 9. Be3 O-O 10. d5 Bxf3 11. Bxf3 Ne5 12. Be2 Rc8 13. f4 Nc4 14. Bxc4 Rxc4 15.
Qd3 Qc8 16. Bxa7 b5 17. a3 b4 18. axb4 Rxb4 19. Rf2 Qb7 20. Be3 Ng4 21. Ra7 Nxf2
22. Bxf2 Qb8 23. Rxe7 Rxb2 24. Bd4 Bxd4+ 25. Qxd4 Qb3 26. e5 Qc2 27. Qe4 Rb1+
28. Nxb1 Qxe4 29. Nc3 Qe1# 0-1

[Event "Titled Tue 3rd Jun Early"]
[Site "chess.com INT"]
[Date "2025.06.03"]
[Round "3"]
[White "Heimann, Alexander"]
[Black "Galchenko, Matvey"]
[Result "0-1"]
[BlackTitle "IM"]
[WhiteElo "2238"]
[BlackElo "2442"]
[WhiteFideId "2006073"]
[BlackFideId "24175480"]
[EventDate "2025.06.03"]

1. e4 e6 2. d4 d5 3. Nc3 Bb4 4. e5 Ne7 5. Ne2 c5 6. a3 Bxc3+ 7. Nxc3 cxd4 8.
Qxd4 Nbc6 9. Qg4 O-O 10. f4 f6 11. exf6 Rxf6 12. Qg5 e5 13. fxe5 Rf5 14. Qh4
Rxe5+ 15. Be2 d4 16. Ne4 Bf5 17. Ng3 d3 18. cxd3 Nd4 19. Bf4 Re6 20. Rd1 Qb6 21.
Rd2 Rc8 22. Kf1 Ng6 23. Qg5 h6 0-1

[Event "Titled Tue 3rd Jun Early"]
[Site "chess.com INT"]
[Date "2025.06.03"]
[Round "3"]
[White "Zhou, Yuxu"]
[Black "Mayaud, Raphael"]
[Result "1-0"]
[WhiteTitle "CM"]
[BlackTitle "CM"]
[WhiteElo "2087"]
[BlackElo "2126"]
[WhiteFideId "8626421"]
[BlackFideId "627151"]
[EventDate "2025.06.03"]

1. d4 d5 2. c4 c6 3. Nc3 Nf6 4. Nf3 e6 5. Bg5 h6 6. Bxf6 Qxf6 7. e3 Nd7 8. Bd3
dxc4 9. Bxc4 g6 10. O-O Bg7 11. e4 e5 12. dxe5 Nxe5 13. Nxe5 Qxe5 14. Qd3 O-O
15. Rad1 Be6 16. Bxe6 Qxe6 17. b3 Bxc3 18. Qxc3 Qxe4 19. Rfe1 Qf5 20. Re5 Qf6
21. Qe3 Rad8 22. Re1 Rd7 23. h3 Kg7 24. Qxa7 Rfd8 25. Qb6 Rd2 26. a4 R8d7 27.
Re8 R7d4 28. Rf1 Rd7 29. Qc5 Qd6 30. Qc3+ Qd4 31. Qf3 Rd6 32. Re4 Qd5 33. Qc3+
Rf6 34. Rf4 1-0

[Event "Titled Tue 3rd Jun Early"]
[Site "chess.com INT"]
[Date "2025.06.03"]
[Round "3"]
[White "Jiganchine, Roman"]
[Black "Nanugonda, Vishva"]
[Result "1-0"]
[WhiteTitle "CM"]
[WhiteElo "2205"]
[BlackElo "2135"]
[WhiteFideId "2603667"]
[BlackFideId "30961335"]
[EventDate "2025.06.03"]

1. Nf3 d5 2. e3 g6 3. c4 e6 4. d4 Bg7 5. Nc3 Ne7 6. Be2 O-O 7. O-O b6 8. b3 Bb7
9. Bb2 c6 10. Rc1 Nd7 11. Qc2 Rc8 12. Rfd1 c5 13. Qb1 cxd4 14. Nxd4 Nf5 15. Ncb5
dxc4 16. Nxf5 gxf5 17. Bxg7 Kxg7 18. Nd6 Rc7 19. Nxb7 Rxb7 20. Bxc4 Rc7 21. Bb5
Qc8 22. Rxc7 Qxc7 23. Rxd7 Qe5 24. Bf1 Rc8 25. Rd1 f4 26. exf4 Qxf4 27. Qb2+ Kg8
28. Qd2 Qf5 29. Qd3 Qf6 30. Qd4 Qg6 31. Rd3 Kf8 32. Qd6+ 1-0

[Event "Titled Tue 3rd Jun Early"]
[Site "chess.com INT"]
[Date "2025.06.03"]
[Round "3"]
[White "Ilinca, Felix-Antonio"]
[Black "Khumalo, Keith"]
[Result "1-0"]
[WhiteTitle "IM"]
[BlackTitle "CM"]
[WhiteElo "2420"]
[BlackElo "2142"]
[WhiteFideId "54764998"]
[BlackFideId "14319470"]
[EventDate "2025.06.03"]

1. d4 Nf6 2. Nc3 d5 3. Bf4 a6 4. e3 b5 5. h4 h6 6. a3 e6 7. g4 c5 8. Bg2 cxd4 9.
exd4 b4 10. axb4 Bxb4 11. Bf3 Nc6 12. Ne2 Bb7 13. Rg1 Ne4 14. Kf1 Bxc3 15. Nxc3
Qxh4 16. Nxe4 dxe4 17. Bxe4 O-O 18. c3 Rad8 19. Qf3 e5 20. dxe5 Nxe5 21. Bxe5
Bxe4 22. Qxe4 Rfe8 23. Re1 Rd2 24. Bg3 Qh3+ 25. Qg2 Rxe1+ 26. Kxe1 Qxg2 27. Rxg2
Rxb2 28. Kd1 a5 29. Kc1 Ra2 30. Rh2 a4 31. f3 Ra1+ 32. Kb2 Rf1 33. Rf2 Rg1 34.
Bd6 g6 35. c4 h5 36. gxh5 gxh5 37. c5 1-0

[Event "Titled Tue 3rd Jun Early"]
[Site "chess.com INT"]
[Date "2025.06.03"]
[Round "3"]
[White "Kawka, Milena"]
[Black "Duarte Cramer, Lily Jeanette"]
[Result "1-0"]
[WhiteTitle "WCM"]
[BlackTitle "WCM"]
[WhiteElo "2004"]
[BlackElo "1828"]
[WhiteFideId "21095167"]
[BlackFideId "29620180"]
[EventDate "2025.06.03"]

1. e4 c5 2. Nf3 d6 3. Bb5+ Bd7 4. Bxd7+ Qxd7 5. c4 Nc6 6. d4 cxd4 7. Nxd4 Nxd4
8. Qxd4 Nf6 9. Nc3 Rc8 10. b3 a6 11. a4 e6 12. O-O Be7 13. h3 O-O 14. Be3 Qc6
15. Rfd1 Rfd8 16. Rac1 Nd7 17. a5 Nc5 18. Rb1 Bf6 19. Qd2 Nxe4 20. Nxe4 Qxe4 21.
Bb6 Rd7 22. Re1 Qc6 23. Rbc1 h6 24. b4 Re8 25. Qd3 Bd8 26. b5 axb5 27. cxb5 Qxc1
28. Rxc1 Bxb6 29. axb6 f6 30. Rc7 Red8 31. Qe4 Kf7 32. Qxb7 d5 33. Rxd7+ 1-0

[Event "Titled Tue 3rd Jun Early"]
[Site "chess.com INT"]
[Date "2025.06.03"]
[Round "3"]
[White "Yang, Daniel"]
[Black "Dogan, Umut Anil"]
[Result "0-1"]
[WhiteTitle "CM"]
[BlackTitle "CM"]
[WhiteElo "2213"]
[BlackElo "2123"]
[WhiteFideId "30976340"]
[BlackFideId "51618060"]
[EventDate "2025.06.03"]

1. Nf3 d5 2. g3 Nc6 3. d4 Bg4 4. Bg2 Qd7 5. h3 Bf5 6. Nh4 Nf6 7. Nxf5 Qxf5 8.
O-O e6 9. c4 Bd6 10. c5 Be7 11. Nc3 O-O 12. a3 a5 13. Re1 Rfd8 14. g4 Qg6 15.
Bf4 Rd7 16. Qb1 Qxb1 17. Raxb1 Nxd4 18. b4 c6 19. Red1 Nc2 20. Rd3 Nxa3 21. Nxd5
Nxd5 22. Bxd5 axb4 23. Rxb4 Rxd5 24. Rxb7 Rxd3 25. exd3 Bxc5 26. Rc7 h6 27. Rxc6
Bf8 28. d4 Rd8 29. Be3 Nb5 30. Rc4 g5 31. Kg2 Bg7 32. Rc5 Nxd4 0-1

[Event "Titled Tue 3rd Jun Early"]
[Site "chess.com INT"]
[Date "2025.06.03"]
[Round "3"]
[White "Demin, Vladimir"]
[Black "Ramu, K."]
[Result "1-0"]
[WhiteTitle "IM"]
[BlackTitle "FM"]
[WhiteElo "2430"]
[BlackElo "2151"]
[WhiteFideId "4167457"]
[BlackFideId "5006171"]
[EventDate "2025.06.03"]

1. e4 c5 2. Nf3 d6 3. d4 cxd4 4. Nxd4 Nf6 5. Nc3 a6 6. Bc4 e6 7. Bb3 Nbd7 8. f4
Nc5 9. e5 dxe5 10. fxe5 Nd5 11. Bxd5 exd5 12. Qf3 Qh4+ 13. Qf2 Qxf2+ 14. Kxf2
Be6 15. Be3 Rc8 16. Rhe1 Be7 17. Rad1 O-O 18. Nf3 Ne4+ 19. Nxe4 dxe4 20. Nd4 Bg4
21. Rd2 Bc5 22. h3 Bxd4 23. Bxd4 Be6 24. Rxe4 Rc4 25. b3 Rc6 26. c4 Rfc8 27. a4
h6 28. a5 Kf8 29. Bb6 g5 30. Red4 Kg7 31. Bd8 Rc5 32. Bf6+ Kg6 33. Rd8 Rxd8 34.
Rxd8 Rxa5 35. g4 h5 36. Rg8+ Kh6 37. Rh8+ Kg6 38. Rxh5 Ra2+ 39. Kf3 Rb2 40.
Rxg5+ Kh6 41. Rg8 Rxb3+ 42. Kf4 Rb4 43. g5+ Kh5 44. Rh8+ Kg6 45. Rh6# 1-0

[Event "Titled Tue 3rd Jun Early"]
[Site "chess.com INT"]
[Date "2025.06.03"]
[Round "3"]
[White "Mikhalsky, Vladimir"]
[Black "Petrus, Adrian"]
[Result "0-1"]
[BlackTitle "CM"]
[WhiteElo "2219"]
[BlackElo "2203"]
[WhiteFideId "14144352"]
[BlackFideId "14573652"]
[EventDate "2025.06.03"]

1. d4 Nf6 2. c4 e6 3. Nf3 d5 4. g3 Be7 5. Bg2 O-O 6. O-O dxc4 7. Qc2 b6 8. Ne5
Qxd4 9. Bxa8 Qxe5 10. Bf4 Qh5 11. Bf3 Ng4 12. h4 e5 13. Bd2 Be6 14. Kg2 Nd7 15.
Nc3 Nc5 16. Nd5 Bd8 17. Ne3 f5 18. Bb4 Nxe3+ 19. fxe3 Qg6 20. Bxc5 bxc5 21. Kf2
e4 22. Bg2 c6 23. Rh1 Bc7 24. Rh3 f4 25. exf4 e3+ 26. Kxe3 Qxc2 0-1